Young readers book of Christian symbolism /

Bibliographic Details
Main Author: Daves, Michael
Other Authors: Laite, Gordon
Format: Book
Language:English
Published: Nashville : Abingdon Press, [1967]
Subjects:

MARC

Tag First Indicator Second Indicator Subfields
LEADER 00000cam a22000001a 4500
001 in00000084778
005 20151008053223.0
008 740502s1967 tnua j 00110 engm
010 |a  67002817  
020 |z 068746248 
035 |a (OCoLC)01091434 
035 |9 AAH6700AM 
040 |a DLC  |c DLC  |d m.c.  |d TXA  |d UtOrBLW 
049 |a [Curr Col] TXAM  |c [388437] 
050 0 0 |a BV150  |b  D35 
082 0 |a 246 (j) 
100 1 |a Daves, Michael. 
245 1 0 |a Young readers book of Christian symbolism /  |c Michael Daves ; illustrated by Gordon Laite. 
264 1 |a Nashville :  |b Abingdon Press,  |c [1967] 
264 4 |c ©1967 
300 |a 128 pages :  |b color illustrations ;  |c 29 cm. 
336 |a text  |b txt  |2 rdacontent 
337 |a unmediated  |b n  |2 rdamedia 
338 |a volume  |b nc  |2 rdacarrier 
500 |a Includes index. 
650 0 |a Christian art and symbolism  |x Juvenile literature. 
700 1 |a Laite, Gordon. 
999 |a MARS 
999 f f |s b6584305-6fd3-3468-ad38-1f823c04ba7a  |i 53db30af-c973-38c3-aec6-212ac4c5e6d0  |t 0 
952 f f |p ric  |a Texas A&M University  |b Rellis Campus  |c Joint Library Facility  |d Remote Storage  |t 0  |e BV150 D35  |h Library of Congress classification  |i unmediated -- volume  |m A14805954358 
998 f f |a BV150 D35  |t 0  |l Remote Storage